| 000 | 00700cab a2200217 4500 | ||
|---|---|---|---|
| 001 | WB3339-22 | ||
| 008 | 090401t1997 xxu||||| |||| 00| 0 eng d | ||
| 035 | _a(Sirsi) u81319 | ||
| 041 | _aeng | ||
| 245 | _aSPC to let solicitors determine structure | ||
| 260 | _c1997 | ||
| 350 | _a0 | ||
| 490 |
_aSolicitors` Journal _v141(37) 3 October 1997, 908(1) |
||
| 520 | _aSolicitors Property Centres has decided to let local groups of solicitors decide how the centres are structured and run. | ||
| 650 | _aPROPERTY SHOPS | ||
| 650 | _aSOLICITORS PROPERTY CENTRES | ||
| 650 | _aSOLICITORS | ||
| 690 | _aMANAGEMENT-BUSINESS MANAGEMENT-PROFESSIONAL PRACTICE | ||
| 942 | _n0 | ||
| 948 | _c07/10/1997 | ||
| 999 |
_c51235 _d51235 |
||